Rozhodování manažera při uvolňování pracovníků z podniku
Prepúšťanie pracovníkov z organizácie. Sociologické a psychologické aspekty prepúšťania zamestnancov. Model kružníc a jeho využitie v praxi.
Saved in:
| Main Author: | |
|---|---|
| Other Authors: | |
| Format: | Book Chapter |
| Language: | Czech |
| Subjects: | |
| Tags: |
No Tags, Be the first to tag this record!
|
MARC
| LEADER | 00000naa a2200000 4500 | ||
|---|---|---|---|
| 001 | 0169019 | ||
| 005 | 20231128131705.9 | ||
| 041 | 0 | |a cze | |
| 044 | |a CZ | ||
| 245 | 1 | 0 | |a Rozhodování manažera při uvolňování pracovníků z podniku |c Josef Novotný, Pavel Duspíva |
| 520 | |a Prepúšťanie pracovníkov z organizácie. Sociologické a psychologické aspekty prepúšťania zamestnancov. Model kružníc a jeho využitie v praxi. | ||
| 610 | 2 | 0 | |a riadenie ľudských zdrojov |
| 610 | 2 | 0 | |a prepúšťanie pracovníkov |
| 610 | 2 | 0 | |a rozhodovanie manažérske |
| 610 | 2 | 0 | |a sociológia |
| 100 | 1 | |a Novotný, Josef | |
| 700 | 1 | |a Duspíva, Pavel | |